|
|
|
|
| LEADER |
01369cas a2200181 a 4500 |
| 001 |
AALejournalIMF011613 |
| 008 |
230101c9999 xx r poo 0 0eng d |
| 020 |
|
|
|z 9781557754875
|
| 040 |
|
|
|a BD-DhAAL
|c BD-DhAAL
|
| 245 |
1 |
0 |
|a Fifty Years After Bretton Woods :
|b The Future of the IMF and the World Bank: Proceedings of a Conference held in Madrid, Spain, September 29-30, 1994.
|
| 264 |
|
1 |
|a Washington, D.C. :
|b International Monetary Fund,
|c 1995.
|
| 300 |
|
|
|a 1 online resource (300 pages)
|
| 500 |
|
|
|a <strong>Off-Campus Access:</strong> No User ID or Password Required
|
| 500 |
|
|
|a <strong>On-Campus Access:</strong> No User ID or Password Required
|
| 506 |
|
|
|a Electronic access restricted to authorized BRAC University faculty, staff and students
|
| 520 |
3 |
|
|a This volume, edited by James M. Boughton and K. Sarwar Lateef, contains the proceedings of a conference held in Madrid, Spain, in 1994, by the IMF and the World Bank to commemorate the fiftieth anniversary of the Bretton Woods conference of July 1944 that created the two institutions. The conference provided a forum for reflection and for reassessing the roles of the institutions as they approach the twenty-first century.
|
| 538 |
|
|
|a Mode of access: Internet
|
| 856 |
4 |
0 |
|z Full text available on IMF
|u http://elibrary.imf.org/view/books/071/02306-9781557754875-en/02306-9781557754875-en-book.xml
|z IMF e-Library
|